000 00655nam a2200277Ia 4500
005 20260324115828.0
008 008 260324s9999 xx 000 0 eng d
020 _a9781315373362
037 _aEBOOK
040 _aCRL
040 _beng
040 _cCRL
041 _2eng
041 _aeng
084 _qCRL
100 _aMona M. Hella; Patrick Mercier
_91156168
245 0 _aPower Management Integrated Circuits
260 _bTaylor and Francis
260 _c2016
365 _a
365 _b385
856 _uhttp://www.taylorfrancis.com/books/9781315373362
942 _cEBOOK
999 _c1747329
_d1747329